Квиз о старој Грчкој - Statistics

General Stats
  • This quiz has been taken 155 times
  • The average score is 14 of 20
Answer Stats
Траг Одговор % Correct
Град познат по демократији Атина
98%
Краљ грчких богова Зевс
97%
Највиша планина у Грчкој; дом богова Олимп
97%
„Велики” македонски освајач Александар
96%
Реч коју је Архимед наводно изговорио када је дошао до открића Еурека!
90%
Најпознатији ривал наведеног града Спарта
86%
Дорски, јонски и коринтски су три типа... Стубова
86%
Атлетско такмичење први пут одржано 776. п. н. е. Олимпијске игре
83%
Филозоф који је подучавао поменутог освајача Аристотел
82%
Рат о коме говори „Илијада” Тројански рат
79%
Најпознатији храм на том брду Партенон
70%
Филозоф који је извршио самоубиство попивши отров Сократ
70%
Његов учитељ, оснивач Академије Платон
69%
Краљ који је предводио 300 ратника у Термопилској бици Леонида
60%
Стеновито брдо, античко светилиште у том граду Акропољ
58%
Рат који су ова два града водили од 431. до 404. п. н. е. Пелопонески рат
55%
Војна формација коју је поменути освајач користио (помоћ: почиње на слово Ф) Фаланга
49%
Град у коме се могла пронаћи пророчица Делфи
47%
Еуклид се сматра „оцем” овог предмета Геометрија
33%
Бог који је говорио кроз пророчицу Аполон
27%
No matching quizzes found
Score Distribution
Percent of People with Each Score
Percentile by Number Answered
Your Score History
You have not taken this quiz